000 01954nam a2200301 a 4500
008 120416s2004 ||||||||||||||||| || u
020 _a0534423620
050 _aT 57.6 Win
100 _aGoldberg, Jeffrey B
245 1 0 _aOperations research: applications and algorithms.-- 4th ed.
_cWayne L. Winston
250 _a4th ed.
260 _aBelmont, CA.
_bBrooks/Cole Cengage Learning
_c2004
260 _aBelmont, CA.
_bThomson/Brooks/Cole
_c2004
300 _axvi, 1418 p. : ill. + CD-ROM
350 _a0.00
500 _aAccompanied by a CD-ROM (see Cybrary staff)
650 _aOPERATIONS RESEARCH--STUDY AND TEACHING
650 _aRESEARCH COLLABORATION
700 _aWinston, Wayne L
995 _D0.00
_FCBU-MAIN LIBRARY (Kitwe)
_H1
_I0.00
_M6
_UAVAILABLE
_WAug 19, 2010
_ZMain Library Open Access Collection
995 _D0.00
_FCBU-MAIN LIBRARY (Kitwe)
_H1
_I30.00
_M1
_UAVAILABLE
_ZShort Loan Collection
995 _D0.00
_FCBU-MAIN LIBRARY (Kitwe)
_H3
_I30.00
_M3
_UAVAILABLE
_ZShort Loan Collection
995 _D0.00
_FCBU-MAIN LIBRARY (Kitwe)
_H1
_I0.00
_M5
_UAVAILABLE
_WApr 25, 2006
_ZMain Library Open Access Collection
995 _FCBU-MAIN LIBRARY (Kitwe)
_I0.00
_M8
_UAVAILABLE
_WApr 25, 2013
_ZMain Library Open Access Collection
995 _FCBU-MAIN LIBRARY (Kitwe)
_I0.00
_M7
_UAVAILABLE
_WApr 25, 2013
_ZMain Library Open Access Collection
995 _FCBU-MAIN LIBRARY (Kitwe)
_I0.00
_M6
_UAVAILABLE
_WApr 25, 2013
_ZMain Library Open Access Collection
995 _D0.00
_FCBU-MAIN LIBRARY (Kitwe)
_H2
_I30.00
_M2
_UAVAILABLE
_ZShort Loan Collection
999 _c81600
_d81600